000
00300nam a22001097a 4500
008
230623b xxu||||| |||| 00| 0 eng d
082
_a
330
_b
THO 1997
245
_a
Le Programme De Recherche Du Crea Une Evaluation
260
_b
Economic Research Consortium
_c
1997
300
_a
IX, 81p
942
_2
ddc
_c
BK
999
_c
2554
_d
2554